Miracles on the border (notice nᵒ 6593)
[ vue normale ]
| 000 -Sello discográfico | |
|---|---|
| campo de control de longitud fija | 01224nam a2200337 4500 |
| 005 - Identificación de versión | |
| campo de control | 20251016084706.0 |
| 010 ## - Número Estándar Internacional de Libros (ISBN) | |
| Número (ISBN) | 0-8165-1497-6 |
| 099 ## - fechas locales | |
| Tipo de ítem Koha | LIBRO |
| 100 ## - Datos de procesamiento general | |
| Datos de procesamiento general | 20230703d1995 m y1spay5003 ba |
| 101 ## - Idioma del recurso | |
| Idioma del texto, banda sonora, etc. | Inglés |
| 105 ## - Campo de datos codificados: Material textual, monográfico | |
| Datos codificados de monografía | a 001zy |
| 200 1# - Título y mención de responsabilidad | |
| Título propio | Miracles on the border |
| Designación general del material | texto impreso |
| Otra información del título | retablos of Mexican migrants to the United States |
| Primer mención de responsabilidad | Jorge Durand, Douglas S. Massey |
| 210 ## - Publicación, distribución, etc. | |
| Lugar de publicación, distribución, etc. | Tucson |
| Nombre del editor, distribuidor, etc. | The University of Arizona Press |
| Fecha de publicación, distribución, etc. | 1995 |
| 215 ## - Descripción física | |
| Designación de material específico y extensión del ítem | 216 p |
| Otras características físicas | il. |
| Dimensiones | 23 cm |
| 345 ## - Nota de información de adquisición | |
| Fuente de adquisición/dirección de la suscripción [OBSOLETO] | Donación Claude Bataillon |
| 606 ## - Término temático usado como materia | |
| Elemento de entrada | Arte y simbolismo cristianos |
| Subdivisión geográfica | México |
| Número Koha | 10060 |
| 606 ## - Término temático usado como materia | |
| Elemento de entrada | Exvotos |
| Subdivisión geográfica | México |
| Número Koha | 10074 |
| 606 ## - Término temático usado como materia | |
| Elemento de entrada | Pintura mexicana |
| Número Koha | 1814 |
| 606 ## - Término temático usado como materia | |
| Elemento de entrada | Retablos |
| Subdivisión geográfica | México |
| Número Koha | 12516 |
| 606 ## - Término temático usado como materia | |
| Elemento de entrada | Trabajadores mexicanos en Estados Unidos |
| Subdivisión temática | Aspectos sociales |
| Número Koha | 12517 |
| 660 ## - Código de área geográfica | |
| Código | MX |
| 700 ## - Nombre personal - Responsabilidad primaria | |
| Elemento de entrada | Durand Arp-Nisen |
| Parte del nombre distinta del elemento de entrada | Jorge Guillermo |
| Fechas | 1949- |
| Número Koha | 4380 |
| 701 ## - Nombre personal - Responsabilidad alternativa | |
| Elemento de entrada | Massey |
| Parte del nombre distinta del elemento de entrada | Douglas Steven |
| Fechas | 1952- |
| Número Koha | 12518 |
| 801 #0 - Fuente de origen | |
| País | FR |
| Agencia | cm |
| Reglas de catalogación (convenciones descriptivas) | AFNOR |
| 900 ## - | |
| -- | 1/22158 |
| 900 ## - | |
| -- | 7100417642\080104 |
| 942 ## - ELEMENTOS DE ENTRADA SECUNDARIOS (KOHA) | |
| Tipo de ítem Koha | Livre |
| 996 ## - | |
| -- | MEX |
| -- | 751145101 |
| -- | MMAG |
| -- | 008149 |
| -- | 704.94 D948MI |
| -- | 20230704LIV |
| Estatus retirado | Estado de daño | Estado de pérdida | Fecha de adquisición | Biblioteca de origen | Biblioteca actual | Ubicación en estantería | Código de barras | Precio de reemplazo | Signatura topográfica completa | No para préstamo | Tipo de ítem Koha | Nota pública | Nota no pública |
|---|---|---|---|---|---|---|---|---|---|---|---|---|---|
| 05/08/2025 | Casa México Paris | Casa México Paris | 008149 | 05/08/2025 | 704.94 D948MI | Livre | 20230704LIV | 751145101 |